Representations of Writing Materials on Roman Funerary Monuments

Saved in:

Main Author: Tibor Grüll

Format: Book

Language: Undetermined

Online Access: Login to view Source

Tags: Add Tag

No Tags, Be the first to tag this record!

Call Number:

LEADER 00461nmm a2200133Ia 4500
008 240716s9999||||xx |||||||||||||||||und||
020 |a 9781803275666 
020 |a 9781803275673 
100 |a Tibor Grüll 
245 1 0 |a Representations of Writing Materials on Roman Funerary Monuments  |c Tibor Grüll 
264 |b Archaeopress Archaeology  |c 27-أكتوبر-23 
856 4 0 |u http://library.arce.org:8087/Archaeopress/Products/9781803275666 
942 |2 lcc  |c EBOOK 
999 |c 58997  |d 58997